Bruno Mars songs by lyrics - Statistics

General Stats
  • This quiz has been taken 572 times
  • The average score is 9 of 15
Answer Stats
Hint Answer % Correct
"I'd catch a ......... for ya." Grenade
91%
"Today I swear I'm not doing anything." The Lazy Song
87%
"Cause you make feel like I've been .........." Locked out of Heaven
82%
"It's a beautiful night, we're looking for something dumb to do." Marry You
82%
"When I see your face, there's not a thing I would change." Just the Way You Are
80%
"You can count on me like one, two, three." Count on Me
78%
"Gotta kiss myself, I'm so pretty." Uptown Funk
75%
"Hashtag blessed." 24K Magic
66%
"Lobster tail for dinner." That's What I Like
62%
"Just shaved, smooth like a newborn." Leave the Door Open
54%
"We out here drippin' in .........." Finesse
53%
"There'll be no clear skies if I lose you, baby." It Will Rain
50%
"Give me your attention, baby." Treasure
43%
"There's no place I'd rather be in this world." Versace on the Floor
35%
"Out here with the moves like I invented smooth." Wake Up in the Sky
13%
No matching quizzes found
Score Distribution
Percent of People with Each Score
Percentile by Number Answered
Your Score History
You have not taken this quiz